000 00306nam a22001457a 4500
008 210514b ||||| |||| 00| 0 eng d
020 _a9781308762555
041 _aeng
080 _212th
_a615.83
082 _a615.83
100 _a8
101 _aEGZ
245 _aFit & Well
_cFahey
942 _2udc
_cBK
999 _c57361
_d57361